Discursos leídos en el Ateneo Científico, Literario y Artístico de Madrid con motivo de la apertura del curso de 1884. (Record no. 18499)

MARC details
000 -LEADER
campo de control de longitud fija 02339nam a2200385 i 4500
001 - NÚMERO DE CONTROL
campo de control 18499
003 - IDENTIFICADOR DE NÚMERO DE CONTROL
campo de control ES-MaACL
005 - FECHA Y HORA DE LA ÚLTIMA TRANSACCIÓN
campo de control 20250704062541.0
007 - CAMPO FIJO DE DESCRIPCIÓN FÍSICA--INFORMACIÓN GENERAL
campo de control de longitud fija t|
008 - DATOS DE LONGITUD FIJA--INFORMACIÓN GENERAL
campo de control de longitud fija 020111s1884 sp |||| | spa d
080 ## - NÚMERO DE LA CLASIFICACIÓN DECIMAL UNIVERSAL
Número de la Clasificación Decimal Universal 061.21(460.27)Ateneo
080 ## - NÚMERO DE LA CLASIFICACIÓN DECIMAL UNIVERSAL
Número de la Clasificación Decimal Universal 502"18"
080 ## - NÚMERO DE LA CLASIFICACIÓN DECIMAL UNIVERSAL
Número de la Clasificación Decimal Universal 304
080 ## - NÚMERO DE LA CLASIFICACIÓN DECIMAL UNIVERSAL
Número de la Clasificación Decimal Universal 008(460)"18"
245 00 - MENCIÓN DEL TÍTULO
Título Discursos leídos en el Ateneo Científico, Literario y Artístico de Madrid con motivo de la apertura del curso de 1884.
260 ## - PUBLICACIÓN, DISTRIBUCIÓN, ETC.
Lugar de publicación, distribución, etc. Madrid :
Nombre del editor, distribuidor, etc. [s.n.],
Fecha de publicación, distribución, etc. 1884 (
Fabricante Imp. Central, a cargo de Víctor Saiz)
300 ## - DESCRIPCIÓN FÍSICA
Extensión 186 p. ;
Dimensiones 24 cm.
505 0# - NOTA DE CONTENIDO CON FORMATO
Nota de contenido con formato Discurso leído el 31 de enero de 1884 por Antonio Cánovas del Castillo [tema: Historia del Ateneo desde su fundación] . Discurso leído el 1º de febrero de 1884 por Laureano Calderón y Arana en la inauguración de los debates de la Sección de Ciencias Exactas, Físicas y Naturales [tema: El estado presente de las ciencias naturales] . Discurso leído el 4 de febrero de 1884 por Manuel Cañete en la inauguración de la Sección de Literatura y Bellas Artes [tema: El estado actual de la literatura y de las artes] . Discurso pronunciado el 5 de febrero de 1884 por Francisco Fernández de Henestrosa en la inauguración de los debates de la Sección de Ciencias Morales y Políticas [tema: Estado actual de las ciencias morales y políticas]
610 24 - PUNTO DE ACCESO ADICIONAL DE MATERIA--NOMBRE DE ENTIDAD CORPORATIVA
Nombre de entidad corporativa o nombre de jurisdicción como elemento de entrada Ateneo de Madrid-
Subdivisión de forma Discursos de apertura-
Subdivisión cronológica S.XIX.
9 (RLIN) 1912
610 24 - PUNTO DE ACCESO ADICIONAL DE MATERIA--NOMBRE DE ENTIDAD CORPORATIVA
Nombre de entidad corporativa o nombre de jurisdicción como elemento de entrada Ateneo de Madrid-
Subdivisión de forma Historia
9 (RLIN) 1925
610 24 - PUNTO DE ACCESO ADICIONAL DE MATERIA--NOMBRE DE ENTIDAD CORPORATIVA
Nombre de entidad corporativa o nombre de jurisdicción como elemento de entrada Ateneo de Madrid-
Subdivisión de forma Obras digitalizadas.
9 (RLIN) 1930
650 14 - PUNTO DE ACCESO ADICIONAL DE MATERIA--TÉRMINO DE MATERIA
Término de materia o nombre geográfico como elemento de entrada Ciencias naturales-
Subdivisión cronológica S.XIX.
9 (RLIN) 10987
650 14 - PUNTO DE ACCESO ADICIONAL DE MATERIA--TÉRMINO DE MATERIA
Término de materia o nombre geográfico como elemento de entrada Política-
Subdivisión cronológica S.XIX.
9 (RLIN) 143258
700 1# - ENTRADA AGREGADA--NOMBRE PERSONAL
Nombre de persona Cánovas del Castillo, Antonio,
Fechas asociadas al nombre 1828-1897
9 (RLIN) 34600
700 1# - ENTRADA AGREGADA--NOMBRE PERSONAL
Nombre de persona Calderón y Arana, Laureano,
Fechas asociadas al nombre 1847-1894
9 (RLIN) 33631
700 1# - ENTRADA AGREGADA--NOMBRE PERSONAL
Nombre de persona Cañete, Manuel,
Fechas asociadas al nombre 1822-1891
9 (RLIN) 34750
700 1# - ENTRADA AGREGADA--NOMBRE PERSONAL
Nombre de persona Fernández de Henestrosa y Boza, Francisco,
Fechas asociadas al nombre n. 1855
9 (RLIN) 127049
710 2# - ENTRADA AGREGADA--NOMBRE DE ENTIDAD CORPORATIVA
Nombre de entidad corporativa o nombre de jurisdicción como elemento de entrada Ateneo de Madrid.
Unidad subordinada Sección de Ciencias Exactas, Físicas y Naturales.
9 (RLIN) 1978
710 2# - ENTRADA AGREGADA--NOMBRE DE ENTIDAD CORPORATIVA
Nombre de entidad corporativa o nombre de jurisdicción como elemento de entrada Ateneo de Madrid.
Unidad subordinada Sección de Literatura y Bellas Artes.
9 (RLIN) 2001
710 2# - ENTRADA AGREGADA--NOMBRE DE ENTIDAD CORPORATIVA
Nombre de entidad corporativa o nombre de jurisdicción como elemento de entrada Ateneo de Madrid.
Unidad subordinada Sección de Ciencias Morales y Políticas
9 (RLIN) 1985
852 ## - LOCALIZACIÓN
Ubicación ES-MaACL
Número de control de estantería Fol-Laf-71
852 ## - LOCALIZACIÓN
Ubicación ES-MaACL
Número de control de estantería B-1626(2)
856 ## - LOCALIZACIÓN Y ACCESO ELECTRÓNICOS
Identificador Uniforme de Recursos <a href="http://www.ateneodemadrid.net/biblioteca_digital/folletos/Discursos-016.pdf">http://www.ateneodemadrid.net/biblioteca_digital/folletos/Discursos-016.pdf</a>
Nota pública Ver documento
Holdings
Estatus retirado Estado de pérdida Estado de daño No para préstamo Colección Biblioteca de origen Biblioteca actual Ubicación en estantería Fecha de adquisición Fuente de adquisición Total de préstamos Signatura topográfica completa Código de barras Visto por última vez Precio de reemplazo Tipo de ítem Koha
        Colección digital Biblioteca del Ateneo de Madrid Biblioteca del Ateneo de Madrid Sala Pardo Bazán 17/01/2008     B-1626(2) 1018930 23/02/2023 23/02/2023 Libro impreso antiguo
        Colección de folletos Biblioteca del Ateneo de Madrid Biblioteca del Ateneo de Madrid Depósito folletos 17/01/2008     Fol-Laf-71 1018929 23/02/2023 23/02/2023 Folleto